[Event "4th Sigeman Wernbro"]
[Site "Malmo SWE"]
[Date "1996.06.17"]
[Round "7"]
[White "Hansen, Curt"]
[Black "Bellon Lopez, Juan Manuel"]
[Result "1-0"]
[WhiteElo "2615"]
[BlackElo "2505"]
[EventDate "1996.06.??"]
[PlyCount "113"]

1.d4 Nf6 2.Nf3 c5 3.c4 g6 4.Nc3 cxd4 5.Nxd4 Bg7 6.e4 O-O 7.Be2 Nc6 8.Be3 
b6 9.O-O Bb7 10.f3 Qb8 11.Qd2 Rd8 12.Rfd1 d6 13.Rac1 Rd7 14.Nd5 e6 15.
Nxf6+ Bxf6 16.b4 Qf8 17.Nxc6 Bxc6 18.b5 Bb7 19.a4 d5 20.exd5 Rad8 21.a5 
exd5 22.c5 Re7 23.a6 Ba8 24.Bf1 Qe8 25.Bd4 Bxd4+ 26.Qxd4 bxc5 27.Rxc5 Qd7 
28.Rdc1 Qd6 29.Rc8 Qd7 30.R8c3 Qd6 31.h4 f6 32.Rc8 Kf7 33.Kf2 Qd7 34.Qg4 
f5 35.Rxd8 Qxd8 36.Qd4 h5 37.Rc3 Qb8 38.Rc1 Re6 39.Rc3 Re7 40.Rc2 Re6 41.
g3 Re7 42.Bd3 Qd8 43.Kg2 Qb8 44.Kf2 Qd8 45.Qc5 d4 46.Re2 Rxe2+ 47.Bxe2 Qd7
48.Bc4+ Kg7 49.Qe5+ Kh7 50.Qb8 d3 51.Qg8+ Kh6 52.Qh8+ Qh7 53.Qxa8 Qg7 54.
Bxd3 Qd4+ 55.Kg2 Qb2+ 56.Kh3 Qa1 57.Qf8+ 1-0

[Event "4th Sigeman Wernbro"]
[Site "Malmo SWE"]
[Date "1996.06.17"]
[Round "7"]
[White "Hector, Jonny"]
[Black "Bator, Robert"]
[Result "1-0"]
[WhiteElo "2520"]
[BlackElo "2435"]
[EventDate "1996.06.??"]
[PlyCount "57"]

1.e4 c5 2.Nc3 Nc6 3.Nf3 e5 4.Bc4 Be7 5.d3 d6 6.Nd2 Bf6 7.Nf1 h5 8.Ne3 Nge7
9.O-O Nd4 10.a4 Be6 11.Ncd5 Nxd5 12.Nxd5 Bxd5 13.Bxd5 Qd7 14.c3 Ne6 15.a5 
Rb8 16.f4 Nc7 17.Bc4 h4 18.h3 Ne6 19.fxe5 dxe5 20.Qb3 Ke7 21.Be3 Rhc8 22.
Rf5 Rc7 23.Raf1 Rf8 24.Bh6 gxh6 25.Rxf6 Nf4 26.Rf5 f6 27.Qd1 Kd8 28.R1xf4 
exf4 29.Rd5 1-0

[Event "4th Sigeman Wernbro"]
[Site "Malmo SWE"]
[Date "1996.06.18"]
[Round "8"]
[White "Agrest, Evgenij"]
[Black "Hector, Jonny"]
[Result "1-0"]
[WhiteElo "2485"]
[BlackElo "2520"]
[EventDate "1996.06.??"]
[PlyCount "115"]

1.d4 d5 2.c4 c6 3.Nc3 Nf6 4.e3 e6 5.Nf3 Nbd7 6.Qc2 Bd6 7.Be2 O-O 8.O-O Qe7
9.c5 Bc7 10.e4 dxe4 11.Nxe4 h6 12.Bc4 b6 13.Nxf6+ Nxf6 14.b4 a5 15.cxb6 
Bxb6 16.bxa5 Rxa5 17.Rb1 Qd8 18.Rd1 Bc7 19.Ne5 Nd7 20.Nxc6 Bxh2+ 21.Kf1 
Qc7 22.Nxa5 Qxa5 23.Qe2 Bd6 24.Bd2 Qc7 25.Bd3 Nf6 26.Qf3 Nd5 27.Qe4 f5 28.
Qe2 Qe7 29.Bc4 Qh4 30.Qf3 Qxd4 31.Bxd5 exd5 32.Kg1 Be6 33.Bb4 Qe5 34.Bxd6 
Qxd6 35.Qe3 f4 36.Qb6 Qd7 37.f3 Rf6 38.Qd4 h5 39.Rb8+ Kh7 40.Rdb1 Bf7 41.
R8b6 Rxb6 42.Rxb6 Qe7 43.Kf1 Qc7 44.a4 Qc1+ 45.Kf2 g5 46.Rb7 Qc2+ 47.Kg1 
Qf5 48.Qa7 Kg6 49.Qb6+ Be6 50.Qb1 d4 51.Qxf5+ Kxf5 52.Rb5+ Kf6 53.Kf2 h4 
54.a5 d3 55.Rb6 g4 56.fxg4 Ke5 57.a6 Bd5 58.Rb5 1-0

[Event "4th Sigeman Wernbro"]
[Site "Malmo SWE"]
[Date "1996.06.18"]
[Round "8"]
[White "Bator, Robert"]
[Black "Hansen, Curt"]
[Result "1/2-1/2"]
[WhiteElo "2435"]
[BlackElo "2615"]
[EventDate "1996.06.??"]
[PlyCount "80"]

1.d4 d5 2.Nf3 Nf6 3.c4 c6 4.Nc3 e6 5.Bg5 h6 6.Bxf6 Qxf6 7.e3 Nd7 8.Bd3 
dxc4 9.Bxc4 g6 10.O-O Bg7 11.Rc1 Qe7 12.Bb3 b6 13.Ne2 Bb7 14.Nf4 O-O 15.
Qc2 Rfd8 16.Rfd1 Rac8 17.Qe2 a6 18.a3 b5 19.Nd3 c5 20.dxc5 Nxc5 21.Nxc5 
Rxd1+ 22.Bxd1 Rxc5 23.Rxc5 Qxc5 24.Qd2 Qc6 25.h3 Bf6 26.b3 Kf8 27.a4 bxa4 
28.bxa4 Qb6 29.Nd4 h5 30.f4 e5 31.fxe5 Bxe5 32.Nf3 Bf6 33.Kf2 Kg7 34.Qd3 
Qb2+ 35.Qc2 Qa3 36.Qb3 Qe7 37.Qc4 Qe4 38.Bb3 Qxc4 39.Bxc4 Kf8 40.e4 Bxe4 
1/2-1/2

[Event "4th Sigeman Wernbro"]
[Site "Malmo SWE"]
[Date "1996.06.18"]
[Round "8"]
[White "Bellon Lopez, Juan Manuel"]
[Black "Hellsten, Johan"]
[Result "1-0"]
[WhiteElo "2505"]
[BlackElo "2475"]
[EventDate "1996.06.??"]
[PlyCount "67"]

1.d4 Nf6 2.Nf3 e6 3.c4 Bb4+ 4.Nbd2 b6 5.e3 Bb7 6.Bd3 O-O 7.O-O d5 8.b3 
Nbd7 9.Bb2 Qe7 10.Rc1 Rac8 11.a3 Bxd2 12.Nxd2 c5 13.f4 Rfd8 14.Qe1 Nf8 15.
Qg3 Ng6 16.Rce1 Rc7 17.Kh1 Rcd7 18.f5 exf5 19.Bxf5 Rd6 20.e4 dxe4 21.d5 
Bc8 22.Bxe4 Nh5 23.Qf3 Qg5 24.Qxf7+ Kh8 25.Bxg6 hxg6 26.Ne4 Qh6 27.Nxd6 
Ng3+ 28.Kg1 Nxf1 29.Rxf1 Rxd6 30.Qf8+ Kh7 31.Qxd6 Qe3+ 32.Kh1 Qe2 33.Qf4 
g5 34.Qf2 1-0

[Event "4th Sigeman Wernbro"]
[Site "Malmo SWE"]
[Date "1996.06.18"]
[Round "8"]
[White "Ziegler, Ari"]
[Black "Kortschnoj, Viktor"]
[Result "0-1"]
[WhiteElo "2440"]
[BlackElo "2645"]
[EventDate "1996.06.??"]
[PlyCount "136"]

1.d4 Nf6 2.c4 e6 3.Nc3 Bb4 4.Qc2 O-O 5.a3 Bxc3+ 6.Qxc3 Ne4 7.Qc2 f5 8.e3 
b6 9.Nh3 Bb7 10.f3 Qh4+ 11.g3 Qe7 12.Bd3 Ng5 13.Nxg5 Qxg5 14.O-O Qh5 15.e4
fxe4 16.Bxe4 Bxe4 17.Qxe4 Nc6 18.Bf4 Rac8 19.Rae1 Qf5 20.d5 Nd8 21.Kg2 h6 
22.Rf2 Qxe4 23.Rxe4 Kf7 24.Rfe2 Re8 25.Bd2 Nb7 26.Rf4+ Kg8 27.Rg4 h5 28.
Rg5 exd5 29.Rxe8+ Rxe8 30.Bc3 d4 31.Bxd4 Re7 32.Rxh5 Na5 33.Rxa5 bxa5 34.
Kf2 Re6 35.h4 g6 36.g4 a4 37.c5 Kf7 38.Kg3 Re1 39.Kf4 Rd1 40.Ke4 Rh1 41.c6
dxc6 42.Bxa7 Rxh4 43.Bd4 Ke6 44.Kf4 Rh3 45.Bc3 c5 46.Kg5 Kf7 47.f4 Rf3 48.
f5 gxf5 49.gxf5 c4 50.Kg4 Rf1 51.Kg5 c5 52.Kg4 Ke7 53.Kg5 Rg1+ 54.Kf4 Kd6 
55.Ke4 Rg4+ 56.Kf3 Rh4 57.Kg3 Rd4 58.Kf3 Kd5 59.Ke3 Rd1 60.f6 Rf1 61.Ke2 
Rf4 62.Ke3 Rf5 63.Kd2 Ke4 64.Ke2 Rf4 65.Kd2 Rf2+ 66.Ke1 Ke3 67.Be5 Rf5 68.
Bc3 Kd3 0-1

[Event "4th Sigeman Wernbro"]
[Site "Malmo SWE"]
[Date "1996.06.19"]
[Round "9"]
[White "Cramling, Pia"]
[Black "Bellon Lopez, Juan Manuel"]
[Result "1/2-1/2"]
[WhiteElo "2525"]
[BlackElo "2505"]
[EventDate "1996.06.??"]
[PlyCount "32"]

1.d4 Nf6 2.Nf3 c6 3.c4 d5 4.Nc3 dxc4 5.a4 Bf5 6.Ne5 e6 7.f3 Bb4 8.e4 Bxe4 
9.fxe4 Nxe4 10.Qf3 Qxd4 11.Qxf7+ Kd8 12.Bg5+ Nxg5 13.Qxg7 Bxc3+ 14.bxc3 
Qxc3+ 15.Ke2 Qc2+ 16.Ke1 Qc3+ 1/2-1/2

[Event "4th Sigeman Wernbro"]
[Site "Malmo SWE"]
[Date "1996.06.19"]
[Round "9"]
[White "Hansen, Curt"]
[Black "Agrest, Evgenij"]
[Result "1-0"]
[WhiteElo "2615"]
[BlackElo "2485"]
[EventDate "1996.06.??"]
[PlyCount "61"]

1.d4 Nf6 2.c4 e6 3.Nf3 b6 4.a3 c5 5.d5 Ba6 6.Qc2 exd5 7.cxd5 g6 8.Nc3 Bg7 
9.g3 O-O 10.Bg2 d6 11.O-O Nbd7 12.h3 Re8 13.Re1 b5 14.e4 Rc8 15.Be3 Nb8 
16.Nd2 Nfd7 17.Bf1 b4 18.Nb5 Qf6 19.Nxa7 Rc7 20.axb4 Bxf1 21.Rxf1 Rb7 22.
Nc6 Rc7 23.Ra8 Rcc8 24.b5 Bf8 25.Ra7 Nb6 26.b4 N8d7 27.bxc5 dxc5 28.Kg2 
Bd6 29.Rd1 Qh8 30.Nf3 Rf8 31.e5 1-0

[Event "4th Sigeman Wernbro"]
[Site "Malmo SWE"]
[Date "1996.06.19"]
[Round "9"]
[White "Hector, Jonny"]
[Black "Ziegler, Ari"]
[Result "1-0"]
[WhiteElo "2520"]
[BlackElo "2440"]
[EventDate "1996.06.??"]
[PlyCount "59"]

1.e4 c5 2.Nc3 Nc6 3.Nf3 e6 4.d4 cxd4 5.Nxd4 Nf6 6.Nxc6 bxc6 7.Bd3 e5 8.O-O
d6 9.f4 Be7 10.Qf3 O-O 11.b3 exf4 12.Bxf4 Nd7 13.Bc4 Nb6 14.Be2 Be6 15.
Rad1 Nc8 16.Kh1 Qa5 17.Na4 Rd8 18.c4 Rd7 19.c5 d5 20.exd5 Rxd5 21.Bc4 Rxd1
22.Rxd1 Bxc4 23.Qxc6 Be2 24.Rg1 Nb6 25.cxb6 axb6 26.Qe4 Bb4 27.Qxe2 b5 28.
Nb2 Qxa2 29.Qxb5 Qxb3 30.Nd3 1-0

[Event "4th Sigeman Wernbro"]
[Site "Malmo SWE"]
[Date "1996.06.19"]
[Round "9"]
[White "Hellsten, Johan"]
[Black "Bator, Robert"]
[Result "1-0"]
[WhiteElo "2475"]
[BlackElo "2435"]
[EventDate "1996.06.??"]
[PlyCount "41"]

1.e4 c5 2.Nf3 d6 3.c3 Nf6 4.Be2 Nc6 5.d4 cxd4 6.cxd4 Nxe4 7.d5 Qa5+ 8.Nc3 
Nxc3 9.bxc3 Ne5 10.Nxe5 dxe5 11.Rb1 a6 12.O-O e6 13.Bf3 Bc5 14.d6 Ra7 15.
Be3 b6 16.Qb3 O-O 17.Bxc5 bxc5 18.Rfd1 c4 19.Qb8 Qc5 20.Rb6 Rd7 21.Rc6 1-0

[Event "4th Sigeman Wernbro"]
[Site "Malmo SWE"]
[Date "1996.06.19"]
[Round "9"]
[White "Kortschnoj, Viktor"]
[Black "Miles, Anthony John"]
[Result "1/2-1/2"]
[WhiteElo "2645"]
[BlackElo "2635"]
[EventDate "1996.06.??"]
[PlyCount "101"]

1.d4 e6 2.e4 d5 3.Nc3 Bb4 4.exd5 exd5 5.Bd3 Ne7 6.Ne2 O-O 7.O-O Bf5 8.Ng3 
Bg6 9.a3 Bxc3 10.bxc3 Nbc6 11.a4 Qd7 12.Ba3 Rfe8 13.f4 Bxd3 14.cxd3 Nf5 
15.Qg4 g6 16.Nxf5 Qxf5 17.Qxf5 gxf5 18.Rfe1 f6 19.Kf2 Kf7 20.Rxe8 Rxe8 21.
Re1 Rxe1 22.Kxe1 a5 23.Kd2 Kg6 24.h3 Kh5 25.Ke3 Na7 26.c4 Nc8 27.Bc5 c6 
28.Ke2 Kg6 29.Kd2 Kf7 30.Kc2 Ke6 31.Kb3 b6 32.Ba3 Na7 33.Bf8 h5 34.Ba3 Kd7
35.Kc3 Nc8 36.h4 Kc7 37.Kb3 Kd8 38.Bf8 Ke8 39.Ba3 Kd7 40.Bf8 Kd8 41.Ba3 
Na7 42.Kc3 Ke8 43.Kb3 Kd7 44.Bf8 Nc8 45.Ba3 Kc7 46.Bf8 b5 47.Bc5 b4 48.Kb2
Kb7 49.Kc2 Kc7 50.Kb2 Nd6 51.Bxd6+ 1/2-1/2